The study of livestock farming systems in a research framwork : (Record no. 14804)

000 -LEADER
fixed length control field 00614nam a2200181Ma 4500
020 ## - INTERNATIONAL STANDARD BOOK NUMBER
ISBN 907413419X
040 ## - CATALOGING SOURCE
Transcribing agency MNP
082 ## - DEWEY DECIMAL CLASSIFICATION NUMBER
Classification number 656 PUD 1994 A051 Or.
245 14 - TITLE STATEMENT
Title The study of livestock farming systems in a research framwork :
Remainder of title proceedings of the second International Symposium on Livestock Farming Systems, Saragossa, Spain, September 11-12, 1992 /
260 ## - PUBLICATION, DISTRIBUTION, ETC. (IMPRINT)
Place of publication Wageningen, Netherlands :
Name of publisher PUDOC,
Year of publication 1994
300 ## - PHYSICAL DESCRIPTION
Number of Pages 449 p. :
Other physical details ill. ;
Dimensions 25 cm
490 1# - SERIES STATEMENT
Series statement EAAP publication ;
650 #0 - SUBJECT ADDED ENTRY--TOPICAL TERM
Topical Term Livestock
650 #0 - SUBJECT ADDED ENTRY--TOPICAL TERM
Topical Term Agriculture
700 1# - ADDED ENTRY--PERSONAL NAME
Personal name Gibon, Annick
700 1# - ADDED ENTRY--PERSONAL NAME
Personal name Flamant, Jean Claude
942 ## - ADDED ENTRY ELEMENTS (KOHA)
Koha item type សៀវភៅភាសាអង់គ្លេស
952 ## - LOCATION AND ITEM INFORMATION (KOHA)
Withdrawn status [LOCAL, KOHA] 0
Holdings
Permanent Location Date acquired Koha item type Lost status Shelving location Barcode Current Location Full call number
Library Block A2017-10-26សៀវភៅភាសាអង់គ្លេស A051A04818Library Block A656 PUD 1994 A051 Or.
មជ្ឈមណ្ឌលឯការនៃសាកលវិទ្យាល័យភូមិន្ទកសិកម្មចំការដូង

Powered by Koha